[Event "I Maxistral Compostela 2018"]
[Site "Santiago Compostela"]
[Date "2018.09.09"]
[Round "5"]
[White "Manolache, Marius"]
[Black "Peralta, Fernando"]
[Result "1/2-1/2"]
[WhiteElo "2508"]
[BlackElo "2569"]
[Annotator "TA"]
[PlyCount "66"]
[EventDate "2018.09.05"]
[EventType "tourn"]
[EventCountry "ESP"]
[SourceTitle "playchess.com"]
[Source "ChessBase"]
[SourceQuality "1"]

{[%evp 12,66,29,20,19,21,16,18,18,16,10,11,16,10,17,0,2,0,0,-23,-17,-19,-12,-25,-15,-11,-17,-11,-4,-9,0,-31,0,-19,-16,-24,-19,-16,-15,-11,-11,-6,0,-22,9,-24,-17,0,0,0,0,0,10,10,11,9,21]} 1. d4 d5 2. c4 e6 3. Nc3 Bb4 4. Nf3 Nf6 5. Bg5 Nbd7 6. cxd5 exd5 7. e3 h6 {D38: Queen's Gambit Declined: Ragozin Defence (4 Nf3 Bb4)} 8. Bh4 (8. Bxf6 Bxc3+ 9. bxc3 Nxf6 10. Bd3 O-O 11. O-O c5 12. dxc5 Qa5 13. Qb3 Qxc5 14. Qb4 b6 15. Rfc1 {0-1 (33) So,W (2780)-Wei,Y (2729) chess.com INT 2018}) 8... g5 9. Bg3 Ne4 10. Nd2 Nxg3 11. hxg3 Nb6 12. Bd3 c6 13. Qc2 Be6 14. a3 Bd6 15. Bf5 Qf6 $146 16. g4 O-O-O 17. Rh5 Kb8 18. O-O-O c5 19. Qd3 Rc8 20. Kb1 a6 21. Rh3 Rhd8 22. Rdh1 Bf8 23. Rf3 Qg7 24. Rfh3 Bxf5 25. gxf5 Qf6 26. g4 Nc4 27. Ka2 Bg7 {[%cal Rc5d4]} 28. Nf3 Qb6 {[%csl Gc4][%cal Rb6b2] [#]} 29. Rb1 {The position is equal.} Qa5 {Threatening ...cxd4.} 30. Nd2 cxd4 31. exd4 Rc6 32. Nb3 Qc7 33. Qg3 Qxg3 {Precision: White = 62%, Black = 63%.} 1/2-1/2

[Event "I Maxistral Compostela 2018"]
[Site "Santiago Compostela"]
[Date "2018.09.09"]
[Round "5"]
[White "Reinaldo Castineira, Roi"]
[Black "Medarde Santiago, Luis Marcos"]
[Result "1-0"]
[WhiteElo "2493"]
[BlackElo "2341"]
[Annotator "TA"]
[PlyCount "51"]
[EventDate "2018.09.05"]
[EventType "tourn"]
[EventCountry "ESP"]
[SourceTitle "playchess.com"]
[Source "ChessBase"]
[SourceQuality "1"]

{[%evp 12,51,25,-18,31,37,44,43,61,11,95,103,141,148,141,159,129,138,114,0,118,108,120,108,138,161,308,202,481,481,470,472,611,618,613,608,910,912,893,875,877,764]} 1. e4 c5 2. Nf3 e6 3. d4 cxd4 4. Nxd4 Nc6 5. Nc3 Qc7 6. g4 {B47: Sicilian: Taimanov: 5 Nc3 Qc7 6 f4, 6 g3 and 6 Be2} a6 7. h4 {LiveBook: 7 Games} Nf6 $146 ({Predecessor:} 7... b5 8. Nxc6 dxc6 9. Qf3 e5 10. g5 Be6 11. Bh3 Bxh3 12. Rxh3 Bc5 13. Bd2 O-O-O {1-0 (25) Carlsen,M (2837)-Kasimdzhanov,R (2683) Riadh 2017}) 8. Nxc6 $1 {White is slightly better.} Qxc6 9. Bg2 Bb4 10. g5 Ng4 (10... Nxe4 $1 $11 11. Qd4 Qc5) 11. Rh3 $16 f5 12. gxf6 Nxf6 13. Rg3 $1 O-O {[#]} 14. e5 $1 Nd5 15. Bxd5 (15. Qg4 $16 {[%csl Gg3][%cal Rg4g7]} Rf7 16. a3) 15... Qxd5 (15... exd5 $11 {keeps the balance.} 16. Qg4 Bxc3+ 17. bxc3 Rf7) 16. Qxd5 exd5 {[#]} 17. Bh6 $1 Rf7 {Threatening ...d4.} 18. O-O-O Bc5 (18... Bxc3 $142 19. bxc3 d6) 19. Rdg1 {[%cal Rg3g7]} g6 $2 (19... Bf8 20. Nxd5 b5) 20. h5 $18 {White is clearly winning.} Bxf2 21. hxg6 hxg6 22. Rxg6+ Kh7 23. R1g2 {Intending Bd2 and mate.} d6 {...Bh3 is the strong threat.} 24. Bd2 {[%csl Gd2][%cal Rg6h6]} Kh8 25. Rh6+ Rh7 26. Rxf2 {Precision: White = 77%, Black = 13%.} 1-0

[Event "I Maxistral Compostela 2018"]
[Site "Santiago Compostela"]
[Date "2018.09.09"]
[Round "5"]
[White "Suarez Garcia, Carlos"]
[Black "Starostits, Ilmars"]
[Result "1/2-1/2"]
[WhiteElo "2469"]
[BlackElo "2449"]
[Annotator "TA"]
[PlyCount "92"]
[EventDate "2018.09.05"]
[EventType "tourn"]
[EventCountry "ESP"]
[SourceTitle "playchess.com"]
[Source "ChessBase"]
[SourceQuality "1"]

{[%evp 18,92,0,-4,-4,-7,-4,-16,0,0,0,0,0,-18,-2,-28,-20,-22,-20,-33,-21,-38,-20,-58,-16,-20,-36,-61,-53,-82,-79,-75,-62,-80,-75,-74,-74,-78,-43,-43,-43,-43,-43,-42,-40,-34,-34,-34,-34,-31,-34,-36,-31,-37,-39,-31,-29,-45,-31,-35,-29,-30,-23,-23,-23,-23,0,-33,-33,-40,-23,-23,-23,-23,-23,-23,0]} 1. d4 Nf6 2. c4 g6 3. g3 c6 4. Bg2 d5 5. Nf3 Bg7 6. O-O O-O 7. cxd5 cxd5 8. Ne5 Ne4 {[%cal Bf6e4,Be4d6,Bd6f5][%mdl 32]} 9. f3 {D79: Fianchetto Grünfeld: Symmetrical Variation (6 0-0 c6 7 cxd5 cxd5)} (9. Nc3 Nxc3 10. bxc3 Nc6 11. Nxc6 bxc6 12. Qa4 Qb6 13. Ba3 Qa6 14. Qxa6 Bxa6 15. Rfe1 Rfe8 16. Bc5 e6 17. e3 Bf8 18. Bxf8 Kxf8 19. Bf1 Bxf1 20. Kxf1 Reb8 21. Reb1 {½-½ (41) Piorun,K (2638)-Ivanchuk,V (2738) Matanzas 2017}) 9... Nd6 10. Nc3 {LiveBook: 9 Games} Nc6 11. f4 {The position is equal.} e6 12. e3 Bd7 $146 ({Predecessor:} 12... f6 13. Nd3 f5 14. Kh1 Ne4 15. Bd2 {0-1 (70) Remlinger,L (2295)-Kavutskiy,K (2307) Arcadia 2014}) 13. b3 Qc7 14. Bb2 Nf5 {[%cal Rc6e5]} 15. Qe2 Nxe5 16. fxe5 f6 17. exf6 Bxf6 18. Qd3 Rac8 19. Kh1 Bg7 20. Rac1 Qd6 21. e4 dxe4 22. Nxe4 Qb6 {...Bb5 is the strong threat.} 23. a4 Rxc1 24. Rxc1 {[#]} Bxa4 $1 {[%mdl 512] aiming for ...Bb5.} 25. bxa4 {Strongly threatening Rb1.} Qxb2 26. Rb1 Qa2 27. d5 {[#]} Ne3 $1 {[%csl Ge3][%cal Ra2g2][%mdl 512]} 28. Bh3 $1 (28. Qxe3 Qxb1+) 28... exd5 29. Nc3 $1 {[%cal Rc3a2]} Qf2 {And now ...Kh8 would win.} 30. Nxd5 Qf3+ 31. Kg1 Qxd5 32. Qxd5+ Nxd5 33. Be6+ Kh8 34. Bxd5 $15 {[%mdl 4096] Endgame KRB-KRB} Bd4+ 35. Kh1 b6 36. Rd1 Bc5 37. Rd2 a5 38. Bc4 h5 39. Kg2 Kg7 40. Rd7+ Kf6 41. h4 Ke5 42. Bd3 Rf2+ 43. Kh3 Rd2 {[#]} 44. Bf5 $1 {[%mdl 512] Black has an edge.} Rxd7 (44... Kxf5 45. Rxd2) 45. Bxd7 Kf6 46. g4 Ke5 {Precision: White = 72%, Black = 58%.} 1/2-1/2

[Event "I Maxistral Compostela 2018"]
[Site "Santiago Compostela"]
[Date "2018.09.09"]
[Round "5"]
[White "Suarez Pousa, Diego"]
[Black "Suarez Gomez, Julio"]
[Result "1/2-1/2"]
[WhiteElo "2412"]
[BlackElo "2446"]
[Annotator "TA"]
[PlyCount "104"]
[EventDate "2018.09.05"]
[EventType "tourn"]
[EventCountry "ESP"]
[SourceTitle "playchess.com"]
[Source "ChessBase"]
[SourceQuality "1"]

{[%evp 13,104,20,12,-40,-42,-79,-24,-20,0,-97,-45,-58,-79,-87,-93,-90,-77,-133,-120,-145,-135,-148,-133,-116,-108,-156,-143,-149,-151,-220,-205,-178,-160,-192,-205,-204,-147,-221,-217,-207,-204,-235,-146,-147,-122,-171,-156,-211,-204,-210,-208,-201,-206,-208,-142,-156,-156,-185,-182,-182,-141,-195,-178,-179,-160,-150,-12,-34,-57,-77,0,0,0,0,0,0,0,0,0,0,0,0,0,0,0,0,0,0,0,0,0,0,0]} 1. e4 e6 2. d4 d5 3. Nc3 Bb4 4. exd5 exd5 5. Bd3 Nc6 6. a3 Ba5 7. Nge2 Nge7 {LiveBook: 53 Games} 8. Ng3 $146 {C01: French: Exchange Variation} (8. O-O $11) ({Predecessor:} 8. O-O O-O 9. Bg5 f6 10. Be3 Bf5 11. Nf4 Bxc3 12. bxc3 Qd7 13. c4 Bxd3 14. Qxd3 Rad8 15. Rab1 b6 16. Rb5 dxc4 17. Qxc4+ {0-1 (48) Hou,Y (2680)-Mamedyarov,S (2804) Wijk aan Zee 2018}) 8... Nxd4 $15 9. O-O Ne6 (9... c6 $17) 10. f4 $11 {Black has an edge.} f5 11. Na4 (11. Nxf5 $11 {keeps the balance.} Bxc3 12. bxc3 Nxf5 13. Bxf5) 11... c6 (11... Bd7 $17 12. b4 Bxa4 13. bxa5 O-O) 12. b4 Bc7 13. Nc5 Nxc5 (13... Bb6 {looks sharper.} 14. Be3 O-O 15. Qd2 Qd6 16. Nb3 Bd7) 14. bxc5 {and if Qh5+ works, White does fine.} O-O 15. Bb2 (15. Be3 $142) 15... Rf7 16. Nh5 Ng6 17. Qf3 Qf8 18. Bd4 b6 19. cxb6 Bxb6 20. Bxb6 axb6 21. c4 (21. a4 $17) 21... Qc5+ ({Don't play} 21... Rxa3 22. Rxa3 Qxa3 23. cxd5) 22. Qf2 Qxf2+ 23. Kxf2 Be6 24. Rfc1 Ra4 {[%cal Rd5c4]} 25. cxd5 (25. Re1 $17 {was worth a try.} Nf8 26. cxd5 Bxd5 27. Bc2) 25... Bxd5 $19 26. Bc2 Rc4 27. Bd1 Rxc1 28. Rxc1 Ra7 29. Rc3 Ne7 30. Rg3 (30. a4 $17) 30... g6 {...Kf7 is the strong threat.} 31. Nf6+ Kg7 32. Nxd5 Nxd5 {[%mdl 4096] Endgame KRB-KRN} ({Don't do} 32... cxd5 33. Rb3 $15) 33. Rb3 Ra4 34. g3 Kf6 35. Bf3 {intending Bxd5.} Ke6 36. h4 h5 37. Bxd5+ Kxd5 38. Rxb6 Rxa3 $17 {KR-KR} 39. Rb8 {[#]} c5 ({Black should play} 39... Ra2+ $1 $17 40. Ke3 c5) 40. Rb6 $11 c4 {aiming for ...c3.} 41. Rxg6 {[#]} c3 (41... Kd4 $1 $17) 42. Ke2 $1 {The position is equal.} Kc4 {Hoping for ...Kb3.} 43. Kd1 $1 Ra1+ 44. Kc2 Ra2+ 45. Kc1 Rg2 (45... Kd3 $5 46. Rd6+ $8 Ke4 $11) 46. Rf6 Kd3 {[%cal Rg2g1]} 47. Rd6+ Ke4 48. Rg6 Ke3 49. Rf6 Ke4 50. Rg6 Kf3 51. Rg5 Rxg3 52. Rxf5 Kg4 {Precision: White = 67%, Black = 45%.} 1/2-1/2

[Event "I Maxistral Compostela 2018"]
[Site "Santiago Compostela"]
[Date "2018.09.09"]
[Round "5"]
[White "Sanchez Aller, Fernando"]
[Black "Mareco, Sandro"]
[Result "0-1"]
[WhiteElo "2344"]
[BlackElo "2649"]
[Annotator "TA"]
[PlyCount "35"]
[EventDate "2018.09.05"]
[EventType "tourn"]
[EventCountry "ESP"]
[SourceTitle "playchess.com"]
[Source "ChessBase"]
[SourceQuality "1"]

{[%evp 9,35,20,27,-21,-25,-21,-38,-29,-10,-77,-103,-79,-64,-135,-62,-247,-267,-327,-328,-315,-360,-379,-355,-379,-354,-401,-400,-437]} 1. e4 c6 {[%cal Bc7c6,Bc6c5,Bc5d4][%mdl 32]} 2. d4 d5 3. e5 Bf5 4. h4 a6 5. h5 c5 6. c3 $146 {B12: Caro-Kann: Advance Variation} ({Predecessor:} 6. dxc5 Nc6 7. g4 Bd7 8. f4 Nh6 9. Be2 Qa5+ 10. c3 Qxc5 11. Nh3 f6 12. exf6 exf6 {½-½ (43) Kollars,D (2500)-Kovalenko,I (2659) Karlsruhe 2017}) 6... Nc6 7. Bd3 Bxd3 8. Qxd3 {Black is slightly better.} Rc8 9. Ne2 (9. Na3 $11 {remains equal.}) 9... cxd4 $17 10. e6 ({Avoid the trap} 10. cxd4 $2 Nb4 $19) 10... fxe6 {Hoping for ...e5.} 11. O-O (11. Nxd4 $15 Qd6 12. Be3) 11... e5 ({Black should try} 11... dxc3 $17 {Strongly threatening ...Nb4.} 12. Nbxc3 Nf6) 12. Qg3 $2 {[#]} (12. cxd4 $15 Nb4 13. Qf5) 12... Nf6 $19 13. cxd4 exd4 14. h6 gxh6 15. Qh4 {Black is winning.} e5 16. Ng3 Rg8 17. Nd2 Rg6 18. Nf3 0-1

[Event "I Maxistral Compostela 2018"]
[Site "Santiago Compostela"]
[Date "2018.09.10"]
[Round "6"]
[White "Mareco, Sandro"]
[Black "Manolache, Marius"]
[Result "1-0"]
[WhiteElo "2649"]
[BlackElo "2508"]
[Annotator "TA"]
[PlyCount "75"]
[EventDate "2018.09.05"]
[EventType "tourn"]
[EventCountry "ESP"]
[SourceTitle "playchess.com"]
[Source "ChessBase"]
[SourceQuality "1"]

{[%evp 16,75,45,42,42,36,47,40,43,29,54,55,59,57,73,96,126,116,138,154,141,129,194,171,179,199,238,264,226,208,218,186,181,185,189,184,169,177,178,190,255,242,266,225,259,222,220,218,214,205,579,579,591,591,591,591,590,583,643,612,807,767]} 1. d4 Nf6 2. c4 e6 3. Nf3 d5 4. g3 Bb4+ 5. Nbd2 a5 (5... O-O 6. Bg2 b6 7. O-O Bb7 8. b3 c5 9. Bb2 Nc6 10. cxd5 Nxd5 11. dxc5 Bxc5 12. a3 Be7 13. b4 Bf6 14. Qb3 a5 15. e4 Nc7 16. Bxf6 Qxf6 17. b5 Ne5 18. Nxe5 Qxe5 19. a4 Rfd8 {1-0 (43) Harikrishna,P (2744)-Le,Q (2737) Huaian 2017}) 6. Bg2 {E01: Katalanisch} c6 7. O-O Nbd7 8. Qc2 O-O 9. e4 {LiveBook: 4 Partien} Be7 10. Re1 $146 ({Vorgänger:} 10. Rd1 Qb6 11. b3 a4 12. Rb1 axb3 13. axb3 dxe4 14. Nxe4 Nxe4 15. Qxe4 {½-½ (62) De la Vega,H (2385)-Rossetto,H (2410) Buenos Aires 1979}) 10... b6 11. e5 Ne8 $1 12. h4 Ba6 13. b3 Rc8 14. Nf1 $40 {[%cal Bd2f1,Bf1h2,Bh2f3][%mdl 160] Weiss hat was vor.} Nc7 15. Ng5 Bxg5 16. Bxg5 f6 17. exf6 Nxf6 18. Rad1 Bb7 (18... h6 $16 {ist eine bessere Verteidigung.}) 19. Nh2 $18 Qd7 20. Nf3 Rce8 21. Bf4 c5 22. dxc5 bxc5 23. cxd5 exd5 24. Rxe8 ({Finger weg von} 24. Qxc5 Ne6 $16) 24... Rxe8 25. Qxc5 Ne6 26. Qd6 Nxf4 27. Qxf4 Ne4 {[#]} (27... Rc8 {ist wohl besser.} 28. Nd4 Qc7) 28. Rc1 $1 {[%cal Rc1c7] Tc7 ist eine echte Drohung.} Rc8 29. Rxc8+ Qxc8 30. Nd4 h6 31. Kh2 Qc5 32. Ne6 Qxf2 $2 (32... Qd6 {leistet mehr Widerstand.}) 33. Qc7 {[%csl Ge6][%cal Rc7g7] [#] Weiß steht klar auf Gewinn.} Qf6 34. Qb8+ ({Nicht} 34. Qxb7 Qxe6 35. Qa8+ Kh7 $14) 34... Kf7 35. Nd8+ ({Weniger gut wäre} 35. Qxb7+ Kxe6 36. Bxe4 dxe4 $16) 35... Kg6 36. Nxb7 Qf2 37. Qf4 Qxa2 38. Nd6 {Precision: Weiß = 87%, Schwarz = 51%.} 1-0

[Event "I Maxistral Compostela 2018"]
[Site "Santiago Compostela"]
[Date "2018.09.10"]
[Round "6"]
[White "Peralta, Fernando"]
[Black "Suarez Pousa, Diego"]
[Result "1-0"]
[WhiteElo "2569"]
[BlackElo "2412"]
[Annotator "TA"]
[PlyCount "39"]
[EventDate "2018.09.05"]
[EventType "tourn"]
[EventCountry "ESP"]
[SourceTitle "playchess.com"]
[Source "ChessBase"]
[SourceQuality "1"]

{[%evp 14,39,30,12,121,117,132,120,156,128,347,344,334,366,343,256,270,308,513,537,541,533,525,522,470,445,29989,29990]} 1. d4 Nf6 2. c4 e6 3. Nf3 Bb4+ 4. Nbd2 O-O 5. a3 Be7 6. e4 d5 7. e5 Nfd7 8. Bd3 {LiveBook: 183 Games. E11: Bogo-Indian} b6 (8... c5 $11) (8... c5 9. O-O Nc6 10. Re1 a5 11. Qc2 h6 12. Nb3 dxc4 13. Bxc4 cxd4 14. Qe4 a4 15. Bxh6 axb3 16. Bxg7 Kxg7 17. Qg4+ Kh8 18. Qh5+ Kg7 19. Qg4+ Kh8 20. Qh5+ Kg7 21. Qg4+ {½-½ (21) Vitiugov,N (2740)-Tomashevsky,E (2714) Sochi 2018}) 9. h4 $16 h6 10. Bb1 $146 {aiming for cxd5.White is clearly better.} ({Predecessor:} 10. Ng5 Nc6 11. Ndf3 dxc4 12. Bh7+ Kh8 13. Be4 Bb7 14. Qe2 Bxg5 15. hxg5 Nxd4 16. Nxd4 Bxe4 17. Qxe4 {1-0 (26) Khurtsidze,N (2451)-Vasilevich,I (2353) Dresden 2007}) 10... Re8 11. Ng5 Nf8 $2 {[#]} (11... Nc6 $16) 12. Nxf7 $1 $18 Kxf7 13. Qh5+ Kg8 {[#] White must now prevent ...c5.} 14. Nf3 $1 Nbd7 15. Bxh6 gxh6 $2 (15... Bf6 {is a better defense.} 16. Rh3 (16. exf6 Nxf6 17. Qg5 Qe7 $16) 16... Qe7) 16. Rh3 Bb4+ 17. axb4 {Rg3+ would kill now.} Re7 {intending ...Rg7.} 18. Qxh6 {Intending Rg3+ and mate.} Rg7 19. Ra3 Nh7 (19... Qe7 $18 20. Nd2 Nh7) 20. Rg3 {Precision: White = 100%, Black = 23%.} 1-0

[Event "I Maxistral Compostela 2018"]
[Site "Santiago Compostela"]
[Date "2018.09.10"]
[Round "6"]
[White "Suarez Garcia, Carlos"]
[Black "Reinaldo Castineira, Roi"]
[Result "1/2-1/2"]
[WhiteElo "2469"]
[BlackElo "2493"]
[Annotator "TA"]
[PlyCount "41"]
[EventDate "2018.09.05"]
[EventType "tourn"]
[EventCountry "ESP"]
[SourceTitle "playchess.com"]
[Source "ChessBase"]
[SourceQuality "1"]

{[%evp 27,41,-316,0,0,0,0,0,0,0,0,0,0,0,0,0,0]} 1. Nf3 Nf6 2. d4 e6 3. Bf4 c5 4. e3 Nc6 5. Nbd2 d5 6. c3 Bd6 7. Bg3 O-O 8. Bd3 Qe7 9. Ne5 Nd7 10. Nxd7 {D02: 1 d4 d5 2 Nf3 sidelines, including 2...Nf6 3 g3 and 2...Nf6 3 Bf4} Qxd7 11. Bxd6 (11. O-O b6 12. Bxd6 Qxd6 13. f4 f5 14. Nf3 c4 15. Bc2 b5 16. a3 a5 17. g4 Bd7 {½-½ (69) Grischuk,A (2781)-Hammer,J (2677) Stavanger 2015}) 11... Qxd6 12. dxc5 Qxc5 13. Bxh7+ Kxh7 14. Qh5+ Kg8 {[#] LiveBook: 13 Games. Strongly threatening ...Qb5.} 15. Ne4 $1 {[%cal Re4c5][%mdl 512] The position is equal.} g6 $1 (15... dxe4 16. Qxc5) 16. Qg5 $1 ({Avoid the trap} 16. Nf6+ $2 Kg7 $17) 16... Qe7 17. Nf6+ Kg7 18. Nh5+ $1 Kh7 {[#]} (18... Kg8 $5 19. Nf6+ $8 Kg7 20. Nh5+ Kh7 21. Nf6+ Kg7 $11) 19. Nf6+ $146 Kg7 20. Nh5+ $1 Kh7 (20... Kg8 $5 21. Nf6+ $8 Kg7 $11) 21. Nf6+ 1/2-1/2

[Event "I Maxistral Compostela 2018"]
[Site "Santiago Compostela"]
[Date "2018.09.10"]
[Round "6"]
[White "Starostits, Ilmars"]
[Black "Suarez Gomez, Julio"]
[Result "1/2-1/2"]
[WhiteElo "2449"]
[BlackElo "2446"]
[Annotator "TA"]
[PlyCount "28"]
[EventDate "2018.09.05"]
[EventType "tourn"]
[EventCountry "ESP"]
[SourceTitle "playchess.com"]
[Source "ChessBase"]
[SourceQuality "1"]

{[%evp 9,28,26,26,18,28,21,26,0,4,8,11,14,20,14,14,16,16,9,24,11,14]} 1. d4 d5 2. Nf3 e6 3. e3 f5 4. c4 c6 5. Ne5 Nf6 6. Be2 {A84: Dutch Defence: 2 c4 Miscellaneous} (6. Nc3 Bd6 7. f4 O-O 8. Be2 Ne4 9. O-O b6 10. Nxe4 fxe4 11. Bd2 Bb7 12. b4 Nd7 13. Rb1 Bxe5 14. fxe5 Rxf1+ 15. Bxf1 Qg5 16. Be2 {½-½ (58) Lyrberg,P (2577)-Gdanski,J (2609) Sweden 2005}) 6... Be7 7. Nd2 Nbd7 8. f4 {[%cal Bf2f4,Bf4e5][%mdl 32] White has an edge.} O-O 9. O-O Nxe5 10. fxe5 Ne4 11. Nxe4 fxe4 12. Rxf8+ $146 ({Predecessor:} 12. Bd2 Rxf1+ 13. Bxf1 b6 14. cxd5 exd5 {½-½ (14) Hochgraefe,M (2380)-Pajeken,W (2336) Germany 2009}) 12... Bxf8 13. Bd2 a5 14. Qc2 Bd7 1/2-1/2

[Event "I Maxistral Compostela 2018"]
[Site "Santiago Compostela"]
[Date "2018.09.10"]
[Round "6"]
[White "Medarde Santiago, Luis Marcos"]
[Black "Sanchez Aller, Fernando"]
[Result "1-0"]
[WhiteElo "2341"]
[BlackElo "2344"]
[Annotator "RC"]
[PlyCount "98"]
[EventDate "2018.09.05"]
[EventType "tourn"]
[EventCountry "ESP"]
[SourceTitle "playchess.com"]
[Source "ChessBase"]
[SourceQuality "1"]
[TimeControl "5400+30"]

1. e4 {[%emt 0:00:00]} e5 {[%emt 0:00:00]} 2. Nf3 {[%emt 0:00:00]} Nc6 {[%emt 0:00:00]} 3. Nc3 {[%emt 0:00:39]} Nf6 {[%emt 0:00:03]} 4. d4 {[%emt 0:00:20]} exd4 {[%emt 0:00:24]} 5. Nxd4 {[%emt 0:00:02]} Bc5 {[%emt 0:00:12]} 6. Be3 {[%emt 0:03:21]} Bb6 {[%emt 0:00:05]} 7. Qd2 {[%emt 0:01:41]} O-O {[%emt 0:02:31]} 8. O-O-O {[%emt 0:00:42]} Re8 {[%emt 0:00:30]} 9. f3 {[%emt 0:00:30]} d5 {[%emt 0:05:49]} 10. exd5 {[%emt 0:01:49]} Nxd5 {[%emt 0:01:46]} 11. Bg5 {[%emt 0:00:04]} f6 {[%emt 0:06:57]} 12. Bc4 {[%emt 0:01:27]} Nxd4 {[%emt 0:04:10]} 13. Bxf6 {[%emt 0:00:26]} gxf6 {[%emt 0:03:18]} 14. Nxd5 {[%emt 0:00:10]} Be6 {[%emt 0:01:32]} 15. Nxb6 {[%emt 0:00:06]} axb6 {[%emt 0:00:08]} 16. Qxd4 {[%emt 0:00:09]} Qxd4 {[%emt 0:00:28]} 17. Bxe6+ {[%emt 0:00:02]} Rxe6 {[%emt 0:00:21]} 18. Rxd4 {[%emt 0:00:03]} Rxa2 {[%emt 0:07:29]} 19. Kb1 {[%emt 0:00:02]} Ra5 {[%emt 0:01:09]} 20. Rd7 {[%emt 0:00:06]} Re2 {[%emt 0:00:23]} 21. Rhd1 {[%emt 0:01:30]} Rc5 {[%emt 0:02:04]} 22. R1d2 {[%emt 0:00:05]} Re1+ 23. Ka2 {[%emt 0:03:22]} Re8 {[%emt 0:03:15]} 24. c3 {[%emt 0:14:22]} b5 {[%emt 0:11:23]} 25. Kb3 {[%emt 0:13:47]} b6 {[%emt 0:01:34]} 26. Rd1 {[%emt 0:04:23]} h5 {[%emt 0:02:55]} 27. h4 {[%emt 0:06:33]} Rc4 {[%emt 0:05:03]} 28. g3 {[%emt 0:14:00]} Re3 {[%emt 0:06:00]} 29. R1d5 {[%emt 0:04:27]} Rxf3 {[%emt 0:03:03]} 30. Rxb5 {[%emt 0:01:57]} Rg4 {[%emt 0:04:37]} 31. Rxc7 {[%emt 0:01:07]} Rgxg3 {[%emt 0:03:07]} 32. Rxh5 {[%emt 0:05:40]} Rf2 {[%emt 0:06:04]} 33. Rb5 {[%emt 0:02:13]} Rg7 {[%emt 0:01:24]} 34. Rc8+ {[%emt 0:01:19]} Kf7 {[%emt 0:02:12]} 35. Rxb6 {[%emt 0:00:27]} Rg4 {[%emt 0:00:21]} 36. Rb7+ {[%emt 0:04:24]} Ke6 {[%emt 0:00:11]} 37. h5 {[%emt 0:00:20]} Rgg2 {[%emt 0:01:35]} 38. Ka3 {[%emt 0:00:40]} Rh2 {[%emt 0:00:06]} 39. Rc5 {[%emt 0:00:39]} f5 {[%emt 0:00:20]} 40. h6 {[%emt 0:00:20]} Kd6 {[%emt 0:00:05]} 41. Ra5 {[%emt 0:00:44]} Kc6 42. Rb4 {[%emt 0:03:55]} f4 {[%emt 0:00:21]} 43. Ra6+ {[%emt 0:01:26]} Kc5 {[%emt 0:00:17]} 44. Ra5+ {[%emt 0:00:01]} Kc6 {[%emt 0:00:07]} 45. Ra7 {[%emt 0:00:36]} f3 {[%emt 0:00:17]} 46. h7 {[%emt 0:00:53]} Rf1 {[%emt 0:01:36]} 47. Kb3 {[%emt 0:02:52]} Rb1 {[%emt 0:00:10]} 48. Rf4 {[%emt 0:03:54]} f2 {[%emt 0:06:20]} 49. Rxf2 {[%emt 0:02:56]} Kd5 1-0

[Event "I Maxistral Compostela 2018"]
[Site "Santiago Compostela"]
[Date "2018.09.11"]
[Round "7"]
[White "Manolache, Marius"]
[Black "Medarde Santiago, Luis Marcos"]
[Result "1/2-1/2"]
[WhiteElo "2508"]
[BlackElo "2341"]
[Annotator "TA"]
[PlyCount "28"]
[EventDate "2018.09.05"]
[EventType "tourn"]
[EventCountry "ESP"]
[SourceTitle "playchess.com"]
[Source "ChessBase"]
[SourceQuality "1"]

{[%evp 17,28,-20,-24,-27,-20,-5,-6,-9,0,0,-8,-5,-2]} 1. d4 Nf6 2. Bg5 d5 3. Bxf6 gxf6 4. e3 c5 5. dxc5 e6 6. c4 {D00: Damenbauernspiele} dxc4 7. Qxd8+ (7. Nd2 c3 8. bxc3 Nd7 9. Bb5 Bxc5 10. Qh5 f5 11. Ngf3 Qf6 12. Rd1 a6 13. Be2 Be7 {1-0 (29) Jobava,B (2690)-Wang,H (2709) Riadh 2017}) 7... Kxd8 8. Bxc4 Bxc5 9. Nc3 Ke7 {LiveBook: 14 Partien} 10. a3 Bd7 $146 ({Vorgänger:} 10... a6 11. Nf3 Nc6 {½-½ (11) Miladinovic,I (2555)-Popovic,D (2561) Vrnjacka Banja 2012}) 11. Nf3 {Die Stellung ist ausgeglichen.} Bc6 12. Bb5 Bxf3 13. gxf3 a6 14. Be2 f5 1/2-1/2

[Event "I Maxistral Compostela 2018"]
[Site "Santiago Compostela"]
[Date "2018.09.11"]
[Round "7"]
[White "Reinaldo Castineira, Roi"]
[Black "Starostits, Ilmars"]
[Result "0-1"]
[WhiteElo "2493"]
[BlackElo "2449"]
[Annotator "TA"]
[PlyCount "48"]
[EventDate "2018.09.05"]
[EventType "tourn"]
[EventCountry "ESP"]
[SourceTitle "playchess.com"]
[Source "ChessBase"]
[SourceQuality "1"]

{[%evp 18,48,15,0,16,-22,7,-9,5,-5,-5,-5,-12,-22,-10,-41,-47,-103,-31,-110,-110,-110,-60,-339,-345,-331,-329,-336,-331,-317,-316,-29995,-29996]} 1. c4 {Ribli,Z} e5 2. Nc3 Nc6 3. Nf3 Nf6 4. e3 Be7 5. d4 exd4 6. Nxd4 O-O 7. Be2 Bb4 8. O-O {A28: Englische Eröffnung (Vierspringer-Variante)} Bxc3 9. bxc3 Re8 10. f3 {LiveBook: 3 Partien. Die Stellung ist ausgeglichen.} d6 11. e4 Ne5 12. Qc2 $146 ({Vorgänger:} 12. Bf4 Nfd7 13. Bg3 Ng6 14. Qc2 b6 15. Nc6 Qf6 {0-1 (42) Azmaiparashvili,Z (2676)-Anand,V (2757) Dubai 2002 CBM 089 [Ribli,Z]}) 12... c5 13. Nf5 Bxf5 $1 14. exf5 d5 15. cxd5 c4 16. Rd1 Nxd5 {[%cal Bf6d5,Bd5b4,Bb4d3][%mdl 32] ...Da5 ist eine echte Drohung.} 17. Rd4 ({Besser ist} 17. f4 $15 Nd3 18. Bxd3 cxd3 19. Qxd3) 17... Qa5 (17... Qb6 $17 18. Kf1 Nb4 $1 {[%mdl 512]}) 18. Bd2 (18. Kf1 $15) 18... Qc5 $17 19. Kh1 b5 $36 {[%mdl 2048] Schwarz drückt.} 20. Rd1 $2 {[%mdl 8192] [#]} (20. Rb1 $15) 20... Nb4 $1 $19 {[%cal Rb4c2][%mdl 512]} 21. Qb1 (21. cxb4 Qxd4) 21... Ned3 $1 22. Bxd3 Nxd3 23. Be1 Re2 ({Keinesfalls} 23... Qxf5 24. Qc2 $19) 24. Re4 $2 (24. Bg3 $19) 24... Rxe1+ {Precision: Weiß = 14%, Schwarz = 64%.} 0-1